000
00274nam a2200109Ia 4500
001
1263951
005
20260417141929.0
008
260417s9999 xx 000 0 und d
020
_a
9786255929488
245
0
_a
Sükût Sûretinde
_c
Nuri Pakdil
260
_b
Ketebe Yayınları
999
_c
1263951
_d
1263951